Представление документа в формате RUSMARC

ПолеНазваниеЗначение
  Тип записи a
  Библиографический уровень a
001 Контрольный номер RU/CBS_UL/BASE/65b3de6a0e93414a84a89e7bc6bd0cdf
005 Дата корректировки 20260205165114.0
100 Данные общей обработки __
a Данные общей обработки 20260205 ||| 0rusy0189 ca
101 Язык документа 0_
a Язык текста rus
102 Страна публикации __
a Страна публикации RU
200 Заглавие и сведения об ответственности 1_
a Заглавие Татьяна Борзых: "Иван Бортник всем говорил: "Я не промокашка"
e Сведения, относящиеся к заглавию [рассказ Т. Борзых о муже, актёре И. Бортнике]
f Первые сведения об ответственности Т. Борзых
g Последующие сведения об ответственности бесед. И. Зайчик
300 Общие примечания __
a Общие примечания 16+
461 Уровень набора _0
1 2000
a Коллекция КАРАВАН историй
463 Уровень физической единицы _0
1 2000
a № 1
v С. 108-130 : фот.
1 2101
d 2026
1 001RU/CBS_UL/BASE/acf7af95dd5d4fbaae423ecf9693e707
600 Персоналии _1
a Персоналии (Фамилия) Бортник
b Персоналии (Имя, инициалы) И.С.
606 Тематические рубрики 0_
a Основная рубрика Бортник, Иван Сергеевич (1939-2019)
610 Ключевые слова 0_
a Ключевые слова актёры советские, актёры российские, актёры театра и кино, народные артисты Российской Федерации
686 Индексы других классификаций __
2 Код системы rubbk
a Классификационный индекс 85.374(2)
700 Автор _1
a Фамилия Борзых
b Имя (инициалы) Т.
801 Источник записи _0
a Страна RU
b Организация МБУК ЦБС г. Ульяновска
c Дата составления 20260205
g Правила каталогизации RCR
801 Источник записи _1
a Страна RU
b Организация МБУК ЦБС г. Ульяновска
c Дата составления 20260205
g Правила каталогизации RCR
901 Тип документа __
t Тип документа b
w Контрольный № источника RU/CBS_UL/BASE/acf7af95dd5d4fbaae423ecf9693e707
909 Создатель записи __
a Создатель записи lib1